| 000 | 00975cam a2200289 a 4500 | ||
|---|---|---|---|
| 001 | 17091493 | ||
| 005 | 20161020113414.0 | ||
| 008 | 140429t2013 xxua frb 001 0 eng d | ||
| 010 | _a2011052299 | ||
| 020 | _a9780323080286 (pbk. : alk. paper) | ||
| 040 |
_aDNLM/DLC _cDLC _dDLC |
||
| 082 | 0 | 0 |
_a617.6 _222 _bDEN |
| 245 | 0 | 0 |
_aDental management of the medically compromised patient : _blittle and falace's / _cJames W. Little ... [et al.] |
| 250 | _a8th ed. | ||
| 260 |
_aSt. Louis, United States : _bElsevier / Mosby, _cc.2013. |
||
| 300 |
_a[Various pagings] : _bill. (col.) ; _c28 cm. |
||
| 500 | _aIncludes appendixes. | ||
| 500 | _aIndex : p. 631-659. | ||
| 504 | _aBibliography : p. 628-630. | ||
| 650 | 2 | 0 |
_aDental Care for Chronically Ill _935940 |
| 650 | 2 | 0 |
_aOral Manifestations _935941 |
| 653 |
_bDDent _cApril2014 |
||
| 655 |
_vtext book _933728 |
||
| 650 | 1 | 0 |
_935939 _aDental Care |
| 700 | 1 |
_aLittle, James W., _d1934- _935942 |
|
| 942 |
_2ddc _k617.6 DEN |
||
| 999 |
_c18241 _d18213 |
||